000 00236nam a2200097Ia 4500
001 979455
005 20250826220807.0
008 250824s9999 xx 000 0 und d
245 0 _aADI: AYLİN
_cAYŞE KULİN
260 _bEverest Yayınları
999 _c979455
_d979455